Viaje del Parnaso
Tallennettuna:
| Päätekijä: | |
|---|---|
| Aineistotyyppi: | Kirja |
| Kieli: | espanja |
| Julkaistu: |
Madrid
C. Bermejo
1935
|
| Aiheet: | |
| Tagit: |
Lisää tagi
Ei tageja, Lisää ensimmäinen tagi!
|
MARC
| LEADER | 00000nam a2200000 a 4500 | ||
|---|---|---|---|
| 001 | UCQ5504 | ||
| 003 | CL-VaPUC | ||
| 008 | 981002e19350000SP |||||||||||||||||spa|d | ||
| 082 | 0 | 4 | |a 861 |b CER |2 21 |
| 100 | |a Cervantes y Saavedra, Miguel de |e author |9 267947 | ||
| 245 | 1 | 0 | |a Viaje del Parnaso |
| 300 | |a 576 p | ||
| 942 | |c BK | ||
| 945 | |d 19981002 00:00:00 |a crobeson | ||
| 260 | |a Madrid |b C. Bermejo |c 1935 | ||
| 650 | 0 | |a Poesías españolas |9 265100 | |
| 650 | 0 | |a Literatura española |9 306261 | |
| 583 | |a last modification |c 19981002 00:00:00 |k Rodrigo Vera | ||
| 999 | |c 275713 |d 275711 | ||
| 952 | |0 0 |1 0 |4 0 |6 861_000000000000000_CER_1935 |7 0 |8 A |9 312523 |a BIBEDU |b BIBEDU |d 2019-11-20 |i 1472941 |l 2 |m 1 |o 861 CER 1935 |p 1472941 |r 2023-07-13 |s 2023-07-07 |w 2019-11-20 |y BK |k LIT | ||